00355nam a2200121Ia 4500008004100000041000800041082001700049100002200066245006200088260004200150300003200192365000900224240624s9999 xx 000 0 und d aeng a330.973 BER  aBERNSTEIN PETER L aECONOMIST ON WALL STREET NOTES ON THE SANCTITY OF GOLD TH c2008aNew JerseybJohn Wiley and Sons axxxv, , 293 , 20 : p. : cm. cb30